| 000 | 00452nam a2200145 i 4500 | ||
|---|---|---|---|
| 001 | 41338 | ||
| 003 | ES-MaACL | ||
| 007 | t| | ||
| 008 | 030310s1875 sp ||||1| spa d | ||
| 100 | 1 |
_aCastel y Clemente, Carlos, _d1845-1903 _936472 |
|
| 245 | 1 | 0 |
_aInfluencia de la luna en la vegetación _b: memoria / _cCarlos Castel y Clemente. |
| 260 |
_aMadrid : _b[s.n., _c1875] ( _fMinuesa) |
||
| 852 |
_aES-MaACL _jT-178-F-4 |
||
| 999 |
_c41338 _d41338 |
||